000 01415nam a2200313 c 4500
999 _c185998
_d185998
003 BLK
005 20230318030300.0
008 180411b bul|||||r ||||||| ||bul||
010 _aKNG00194992000
040 _aBLK
041 _aBUL
_cBUL
080 _aМетодика на математиката
_b373.3.016:51
_z373.3.016:51
100 1 _aМанова, Ася
_eпърви автор
_9343998
139 _aМанова, Ася и др.
_bМ 27
245 1 0 _aИгри и игрови упражнения по математика І - ІІІ кл.
_bПомагало за студенти от ВПИ - Благоевград
_cАся Манова; съавт. Даниела Николова; съавт. Илия Димитров Гюдженов.
257 _aBGR
260 _bВПИ
_c1988
_aСофия
300 _a166 с.
_bс табл., сх., ил.
_c20 см
380 _a3
500 _a1 585 тир.
650 4 _aМатематика - методика на преподаването - за основни училища
_9243467
700 1 _aНиколова, Даниела
_eсъавт.
_9343999
700 1 _aГюдженов, Илия Димитров
_eсъавт.
_9370800
852 _aЦб 157580
856 4 _qpdf
856 4 _qpdf
942 _cKNG
_n0
_05
_s1
944 _aCR
_c02.11.2016
_kПравда_Бадева
944 _aED
_c02.11.2016
_kПравда_Бадева
999 _d185998